Video Games by Picture: B - Statistics

General Stats
  • This quiz has been taken 66 times
  • The average score is 9 of 24
Answer Stats
Picture Answer % Correct
Batman: Arkham Knight
78%
Bioshock
73%
Battlefield V
67%
Banjo-Kazooie
65%
Borderlands 2
63%
Bully: Scholarship Edition
57%
Bloodborne
51%
Bomberman Live
49%
Bayonetta 2
45%
Buzz! Quiz TV
45%
Battletoads
43%
Bejeweled 3
43%
Baldur's Gate III
37%
Breakout
31%
Burnout Paradise
31%
Biomutant
25%
Beyond Good and Evil
22%
Blood Bowl 2
16%
Bubble Bobble
14%
Back 4 Blood
10%
Blur
10%
Bust-A-Groove
10%
Binary Domain
8%
Bulletstorm
8%
No matching quizzes found
Score Distribution
Percent of People with Each Score
Percentile by Number Answered
Your Score History
You have not taken this quiz